Необходимость оценки энергоэффективности в газовой промышленности; Энергетика, электромеханика и энергоэффективные технологии глазами молодежи; Т. 2

Dettagli Bibliografici
Parent link:Энергетика, электромеханика и энергоэффективные технологии глазами молодежи: сборник трудов Российской молодежной научной конференции, 3-4 декабря 2013 г., Томск/ Национальный исследовательский Томский политехнический университет (ТПУ).— , 2013
Т. 2.— 2013.— [С. 256-258]
Autore principale: Беккер А. В.
Riassunto:Заглавие с титульного экрана
Lingua:russo
Pubblicazione: 2013
Serie:Повышение энергоэффективности процессов преобразования электроэнергии
Soggetti:
Accesso online:http://www.lib.tpu.ru/fulltext/c/2013/C50/V2/073.pdf
Natura: MixedMaterials Elettronico Capitolo di libro
KOHA link:https://koha.lib.tpu.ru/cgi-bin/koha/opac-detail.pl?biblionumber=604955

MARC

LEADER 00000naa2a2200000 4500
001 604955
005 20260218094718.0
035 |a (RuTPU)RU\TPU\conf\2239 
035 |a RU\TPU\conf\2238 
090 |a 604955 
100 |a 20140326d2013 k y0rusy50 ca 
101 0 |a rus 
102 |a RU 
135 |a drnn ---uucaa 
181 0 |a i  
182 0 |a b 
200 1 |a Необходимость оценки энергоэффективности в газовой промышленности  |f А. В. Беккер 
203 |a Текст  |c электронный 
225 1 |a Повышение энергоэффективности процессов преобразования электроэнергии 
300 |a Заглавие с титульного экрана 
320 |a [Библиогр.: с. 258 (2 назв.)] 
337 |a Adobe Reader 
461 1 |0 (RuTPU)RU\TPU\conf\493  |t Энергетика, электромеханика и энергоэффективные технологии глазами молодежи  |o сборник трудов Российской молодежной научной конференции, 3-4 декабря 2013 г., Томск  |o в 2 т.  |f Национальный исследовательский Томский политехнический университет (ТПУ)  |d 2013 
463 1 |0 (RuTPU)RU\TPU\conf\498  |t Т. 2  |v [С. 256-258]  |d 2013 
610 1 |a труды учёных ТПУ 
610 1 |a электронный ресурс 
610 1 |a энергоэффективность 
610 1 |a газовая промышленность 
610 1 |a ресурсоэффективность 
610 1 |a природный газ 
610 1 |a энергосбережение 
700 1 |a Беккер  |b А. В. 
801 2 |a RU  |b 63413507  |c 20160218  |g RCR 
856 4 |u http://www.lib.tpu.ru/fulltext/c/2013/C50/V2/073.pdf 
942 |c CF